|
|
|
|
| LEADER |
00722cam a2200205 7i4500 |
| 001 |
0000004837 |
| 005 |
20170218090000.0 |
| 020 |
|
|
|a 9780672321535
|
| 020 |
|
|
|a 067232153X (pbk.)
|
| 090 |
0 |
0 |
|a QA76.73.C154
|b P67 2002
|
| 100 |
1 |
|
|a Powell, Robert
|
| 245 |
1 |
0 |
|a C# and the.NET framework :
|b the C++ perspective
|c Robert Powell and Richard Weeks.
|
| 260 |
|
|
|a Indianapolis, Ind.:
|b SAMS,
|c 2002.
|
| 300 |
|
|
|a xi, 620 p.:
|b ill.;
|c 24 cm.
|
| 500 |
|
|
|a Includes index
|
| 650 |
0 |
0 |
|a Microsoft .NET Framework
|
| 650 |
0 |
0 |
|a C# (Computer program language)
|
| 700 |
1 |
|
|a Weeks, Richard
|
| 997 |
|
|
|a Communication, Visual Art & Computing, Faculty
|b Computing, Department
|
| 999 |
|
|
|a 0000009413
|b BOK
|c OPEN SHELF
|e 2nd Floor, Bestari Jaya
|